000 00791nam a2200205 a 4500
008 081022s1995 ||||||||||||||||| || u
050 _aIBRD(08)
100 _aBrehm, Monica Rios
245 1 4 _aThe market for water rights in Chile: major issues
260 _aWashington, D. C.
_bWorld Bank
_c1995
300 _avii, 31p.: ill.
350 _a0.00
490 _aWorld Bank Technical Papers
500 _aTechnical Paper No. 285
650 _aWATER RIGHTS--CHILE
650 _aWATER TRANSFER--GOVERNMENT POLICY--CHILE
650 _aWATER RESOURCES DEVELOPMENT--GOVERNMENT POLICY--CHILE
700 _aQuiroz, Jorge
995 _D0.00
_FCBU-MAIN LIBRARY (Kitwe)
_H1
_I0.00
_M1
_UAVAILABLE
_WOct 22, 2008
_ZInternational Publications
999 _c50374
_d50374